[Event "World Rapid Team 2023"]
[Site "Dusseldorf GER"]
[Date "2023.08.28"]
[Round "12.11"]
[Board "2"]
[White "Zavgorodniy, Sergiy"]
[Black "Roberson, Peter T"]
[Result "1/2-1/2"]
[WhiteTitle "IM"]
[BlackTitle "IM"]
[WhiteElo "2416"]
[BlackElo "2433"]
[WhiteTeam "Ukrainian Amators"]
[BlackTeam "The Sharks"]
[WhiteFideId "14110148"]
[BlackFideId "412384"]
[EventDate "2023.08.26"]

1. e4 e6 2. d3 d5 3. Qe2 Be7 4. Nf3 Nf6 5. g3 O-O 6. Bg2 b5 7. O-O a5 8. exd5
exd5 9. Re1 Re8 10. Bg5 Ra6 11. Nc3 b4 12. Na4 Bd7 13. b3 h6 14. Bf4 Bxa4 15.
bxa4 Nbd7 16. d4 Re6 17. Qb5 c6 18. Qa6 Qb6 19. Qd3 Bf8 20. Rxe6 Rxe6 21. Bh3
Re8 22. Re1 Rxe1+ 23. Nxe1 Qb7 24. Qe2 Nb6 25. Be5 Qe7 26. Qa6 Nc4 27. Nd3 Nd7
28. Qxc6 Ndxe5 29. dxe5 Nxe5 30. Qxd5 Nxd3 31. cxd3 Qc5 32. Qe4 Qc2 33. Bd7 Qxa2
34. Bb5 Qe6 35. Qxe6 fxe6 36. Bc4 Kf7 37. f4 Kf6 38. Kf2 e5 39. Kf3 Bd6 40. Ke4
exf4 1/2-1/2

[Event "World Rapid Team 2023"]
[Site "Dusseldorf GER"]
[Date "2023.08.28"]
[Round "12.11"]
[Board "3"]
[White "Moreby, James"]
[Black "Gaponenko, Inna"]
[Result "1/2-1/2"]
[WhiteTitle "FM"]
[BlackTitle "IM"]
[WhiteElo "2279"]
[BlackElo "2336"]
[WhiteTeam "The Sharks"]
[BlackTeam "Ukrainian Amators"]
[WhiteFideId "427756"]
[BlackFideId "14101181"]
[EventDate "2023.08.26"]

1. c4 e6 2. g3 d5 3. Bg2 Nf6 4. Nf3 dxc4 5. Na3 Bxa3 6. bxa3 b5 7. a4 a6 8. Rb1
Bb7 9. axb5 axb5 10. Rxb5 Bc6 11. Rb4 Bd5 12. Qc2 O-O 13. O-O Nc6 14. Ra4 Rxa4
15. Qxa4 Qa8 16. Qxa8 Rxa8 17. a3 Rb8 18. d3 cxd3 19. exd3 Rb3 20. Rd1 Nd7 21.
Ne1 Nb6 22. Nc2 Kf8 23. Be3 Bxg2 24. Kxg2 Nd5 25. Bc5+ Ke8 26. Ne3 Nc3 27. Rc1
Na4 28. Bf8 Kxf8 29. Rxc6 Nb6 30. Rxc7 Rxa3 31. Nc4 Rc3 32. Rc6 Nd5 33. Ne5 Rxc6
34. Nxc6 Ke8 35. Kf3 f6 36. Nd4 Kd7 37. h4 Kd6 38. Ne2 Ke5 39. d4+ Kd6 40. Ke4
Kc6 41. f4 Kd6 42. g4 g6 43. f5 exf5+ 44. gxf5 Ne7 45. Ng3 Nd5 46. Ne2 g5 47. h5 1/2-1/2

[Event "World Rapid Team 2023"]
[Site "Dusseldorf GER"]
[Date "2023.08.28"]
[Round "12.11"]
[Board "4"]
[White "Grineva, Marianna"]
[Black "Bremner, Adam"]
[Result "0-1"]
[WhiteTitle "WFM"]
[BlackTitle "CM"]
[WhiteElo "2033"]
[BlackElo "2176"]
[WhiteTeam "Ukrainian Amators"]
[BlackTeam "The Sharks"]
[WhiteFideId "14102013"]
[BlackFideId "2400847"]
[EventDate "2023.08.26"]

1. e4 c5 2. Nf3 g6 3. d4 cxd4 4. Qxd4 Nf6 5. Nc3 Nc6 6. Qe3 d6 7. h3 Bg7 8. Bd3
O-O 9. O-O a6 10. a3 b5 11. Bd2 Bb7 12. Rad1 Nd7 13. Rfe1 Rc8 14. Bc1 Nce5 15.
Nh2 Nc4 16. Bxc4 Rxc4 17. f3 h5 18. Nf1 Re8 19. Ng3 Nc5 20. Nge2 Ne6 21. f4 Nf8
22. f5 Qc8 23. fxg6 fxg6 24. Qf3 Nd7 25. Rf1 Ne5 26. Qg3 Bxe4 27. Nxe4 Rxe4 28.
Nf4 Kh7 29. c3 Rf8 30. Kh1 Rf5 31. Nd5 Rxf1+ 32. Rxf1 Qc4 33. Rd1 Qe2 34. Rg1
Nd3 35. Bg5 Be5 36. Nf4 Rxf4 37. Bxf4 Bxf4 0-1

[Event "World Rapid Team 2023"]
[Site "Dusseldorf GER"]
[Date "2023.08.28"]
[Round "12.11"]
[Board "5"]
[White "Ivanov, Elizabeth"]
[Black "Breest, Axel"]
[Result "1/2-1/2"]
[WhiteElo "1601"]
[BlackElo "1979"]
[WhiteTeam "The Sharks"]
[BlackTeam "Ukrainian Amators"]
[WhiteFideId "427284"]
[BlackFideId "24682349"]
[EventDate "2023.08.26"]

1. e4 d5 2. exd5 c6 3. d4 cxd5 4. Bd3 Nc6 5. c3 g6 6. Nf3 Bg7 7. Bf4 Nf6 8. O-O
Nh5 9. Bg3 Qb6 10. b4 Nxg3 11. hxg3 Bg4 12. b5 Nd8 13. Nbd2 Rc8 14. Qb3 Bxf3 15.
Nxf3 e6 16. Rfe1 O-O 17. a4 Qc7 18. Rac1 b6 19. Qd1 Nb7 20. Qd2 Nd6 21. Qg5 h6
22. Qg4 Nf5 23. Ne5 Kh7 24. Qh3 Qe7 25. g4 Nd6 26. f4 f5 27. gxf5 Rxf5 28. Bxf5
gxf5 29. Re3 1/2-1/2

[Event "World Rapid Team 2023"]
[Site "Dusseldorf GER"]
[Date "2023.08.28"]
[Round "12.12"]
[Board "1"]
[White "Van Dael, Siem"]
[Black "Adly, Ahmed"]
[Result "1/2-1/2"]
[WhiteTitle "FM"]
[BlackTitle "GM"]
[WhiteElo "2285"]
[BlackElo "2596"]
[WhiteTeam "Blerickse Schaakvereniging"]
[BlackTeam "Africa"]
[WhiteFideId "1049771"]
[BlackFideId "10601619"]
[EventDate "2023.08.26"]

1. e4 c5 2. Nf3 Nf6 3. Nc3 Nc6 4. d4 cxd4 5. Nxd4 d6 6. Bg5 Bd7 7. Qd2 Rc8 8.
Nxc6 Bxc6 9. f3 e6 10. O-O-O Qa5 11. h4 b5 12. Nxb5 Qxa2 13. Nxd6+ Bxd6 14. Qxd6
Qa1+ 15. Kd2 Qa5+ 16. Kc1 Qa1+ 17. Kd2 Qxb2 18. Ke1 h6 19. Bd2 Qb8 20. Bb4 Qxd6
21. Bxd6 a5 22. c4 Nd7 23. c5 f6 24. Bc4 Kf7 25. Kf2 g5 26. h5 a4 27. Ra1 Ra8
28. Rhb1 Ra5 29. Rc1 Rc8 30. Rc3 Ne5 31. Be2 Ke8 32. Ke3 Nf7 33. Bg3 Ke7 34. Rd1
Ne5 35. Be1 Be8 36. Rdc1 Ra7 37. g3 Bxh5 38. f4 Bxe2 39. fxe5 Bb5 40. R3c2 fxe5
41. Bc3 a3 42. Bxe5 a2 43. Ra1 Ra3+ 44. Rc3 Rca8 45. Kd2 Bc6 46. Kd3 R8a4 47.
Rxa3 Rxa3+ 48. Kc2 Bxe4+ 49. Kb2 Ra5 50. Rxa2 Rxa2+ 51. Kxa2 Kf7 52. Kb2 Kg6 53.
Kc3 Kf5 54. Kd4 h5 55. Bd6 Bd5 56. Be7 Bb7 57. Ke3 e5 58. Kf2 Bc6 59. Bd8 Kg4
60. Bf6 e4 61. Be7 Bb7 62. Bd8 Kf5 63. Ke3 Bc6 64. Be7 Ba4 65. Bd8 Bc6 66. Be7
Kg4 67. Kf2 1/2-1/2

[Event "World Rapid Team 2023"]
[Site "Dusseldorf GER"]
[Date "2023.08.28"]
[Round "12.12"]
[Board "2"]
[White "Bellahcene, Bilel"]
[Black "Heinert, Eugen"]
[Result "0-1"]
[WhiteTitle "GM"]
[WhiteElo "2515"]
[BlackElo "2121"]
[WhiteTeam "Africa"]
[BlackTeam "Blerickse Schaakvereniging"]
[WhiteFideId "696358"]
[BlackFideId "24621390"]
[EventDate "2023.08.26"]

1. e4 e6 2. d4 d5 3. e5 c5 4. c3 Nc6 5. g3 Nge7 6. Ne2 Nf5 7. Bh3 cxd4 8. Bxf5
exf5 9. cxd4 Be6 10. Nbc3 Be7 11. h4 h6 12. Be3 Rc8 13. Nf4 Qd7 14. h5 Na5 15.
O-O Nc4 16. Qf3 Rd8 17. Bc1 O-O 18. a4 a6 19. b3 Na5 20. Rb1 Nc6 21. Rd1 Bb4 22.
Nce2 Rc8 23. Nd3 Be7 24. Bd2 b6 25. Kg2 Rc7 26. Ndf4 Rfc8 27. Be3 Nb4 28. Kh2
Rc2 29. Rg1 Bg5 30. Nxe6 fxe6 31. g4 f4 32. Nxf4 Rf8 33. Qg3 Bxf4 34. Bxf4 Nd3
35. Be3 Nxf2 36. Rg2 Ne4 37. Qe1 Rxg2+ 38. Kxg2 Qf7 39. Qe2 Nc3 0-1

[Event "World Rapid Team 2023"]
[Site "Dusseldorf GER"]
[Date "2023.08.28"]
[Round "12.12"]
[Board "3"]
[White "Gramb, Marius"]
[Black "Solomon, Kenny"]
[Result "0-1"]
[BlackTitle "GM"]
[WhiteElo "2219"]
[BlackElo "2324"]
[WhiteTeam "Blerickse Schaakvereniging"]
[BlackTeam "Africa"]
[WhiteFideId "24656593"]
[BlackFideId "14300192"]
[EventDate "2023.08.26"]

1. d4 Nf6 2. c4 e6 3. g3 Bb4+ 4. Bd2 Be7 5. Bg2 d5 6. Nf3 O-O 7. O-O c6 8. Qc2
Nbd7 9. Rc1 a5 10. a4 h6 11. cxd5 exd5 12. Nc3 Re8 13. Nh4 Nb8 14. Nd1 Ne4 15.
Bxe4 dxe4 16. Qxe4 Bg5 17. Qd3 Bxh4 18. gxh4 Qxh4 19. Ra3 Re6 20. Qc4 Re4 21.
Rg3 Be6 22. Qd3 Rxd4 23. Qe3 Rg4 24. Qb6 Qe7 25. Rc3 Ra6 26. Qc5 Qxc5 27. Rxc5
Rd4 28. Rd3 Rxd3 29. exd3 b6 30. Rc1 c5 31. Nc3 Nc6 32. Nb5 Ra8 33. Bf4 Nb4 34.
Bc7 Nxd3 35. Rb1 Bb3 36. Bxb6 Ra6 37. Bc7 Bxa4 38. Nc3 Bc2 39. Ra1 a4 40. Ne4
Rc6 41. Ba5 f5 42. Ng3 f4 43. Nf5 Kf7 44. Bc3 g5 45. h4 Re6 46. Ng7 Re2 47. hxg5
hxg5 48. Nf5 Kg6 49. Nd6 f3 50. Nc4 g4 51. Ne3 Nxf2 52. Nxc2 Nh3+ 53. Kf1 g3 54.
Ne3 Rxe3 55. Rxa4 g2# 0-1

[Event "World Rapid Team 2023"]
[Site "Dusseldorf GER"]
[Date "2023.08.28"]
[Round "12.12"]
[Board "4"]
[White "Moueden, Mohamed Amine"]
[Black "Krause, Thomas"]
[Result "0-1"]
[WhiteElo "1953"]
[BlackElo "2100"]
[WhiteTeam "Africa"]
[BlackTeam "Blerickse Schaakvereniging"]
[WhiteFideId "7902018"]
[BlackFideId "4696670"]
[EventDate "2023.08.26"]

1. e4 g6 2. d4 Bg7 3. Nf3 d6 4. Nc3 Nf6 5. Be2 O-O 6. O-O c6 7. a4 Qc7 8. h3
Nbd7 9. Bf4 e5 10. Bh2 Re8 11. dxe5 Nxe5 12. Nd4 a5 13. f4 Ned7 14. Bf3 Qb6 15.
Kh1 Qxb2 16. Nde2 Qb6 17. Qxd6 Qc5 18. Qd2 Qe7 19. e5 Nd5 20. Nxd5 cxd5 21. Bxd5
Nc5 22. c4 Bd7 23. Rab1 Bxa4 24. Bg1 Bc6 25. Nd4 Rec8 26. Rb6 Qd7 27. Nxc6 bxc6
28. Bxf7+ Kxf7 29. Qf2 Na4 30. Rb3 Kg8 31. Rfb1 Bf8 32. Qe2 Nc5 33. Rb6 a4 34.
Qf2 a3 35. Qa2 Qa7 36. Rb7 Qa4 37. R7b4 Qa5 38. Bxc5 Qxc5 39. Rb7 Re8 40. Re1
Re7 41. Rb3 Qxc4 42. Rxa3 Qxa2 0-1

[Event "World Rapid Team 2023"]
[Site "Dusseldorf GER"]
[Date "2023.08.28"]
[Round "12.12"]
[Board "5"]
[White "Alonso, Jose Antonio"]
[Black "February, Jesse Nikki"]
[Result "0-1"]
[BlackTitle "WIM"]
[WhiteElo "1836"]
[BlackElo "1849"]
[WhiteTeam "Blerickse Schaakvereniging"]
[BlackTeam "Africa"]
[WhiteFideId "16213130"]
[BlackFideId "14312336"]
[EventDate "2023.08.26"]

1. e4 e6 2. d4 d5 3. Nc3 dxe4 4. Nxe4 Nd7 5. Bf4 Ngf6 6. Bd3 Be7 7. Nf3 Nxe4 8.
Bxe4 Nf6 9. Qe2 Nxe4 10. Qxe4 c6 11. O-O O-O 12. a3 Qd5 13. Rfe1 Qxe4 14. Rxe4
b6 15. Rae1 Bb7 16. R4e3 c5 17. dxc5 Bxc5 18. Rc3 a5 19. Ne5 Rfd8 20. Nd3 Bd4
21. Rc7 Ba6 22. Bc1 Rac8 23. Ra7 Bxd3 24. cxd3 Rc2 25. Be3 Bxe3 26. fxe3 Rxb2
27. Rc1 g6 28. d4 Rf8 29. Rb7 b5 30. Rc5 b4 31. Rxa5 Rc8 32. h3 b3 33. Rab5 Rc3
34. a4 Rxe3 35. a5 Re1+ 36. Kh2 Ree2 37. Kg3 Rxg2+ 38. Kf3 Rbf2+ 39. Ke3 Ra2 40.
Rxb3 Rxa5 41. Kf3 Rga2 42. h4 R2a3 43. Ke4 Rxb3 44. Rxb3 Rh5 45. Rh3 Kf8 46. Ra3
Rxh4+ 47. Ke5 Kg7 48. Rd3 h5 49. Rf3 Rh1 50. Rd3 Re1+ 51. Kd6 h4 52. Ke7 Rf1 53.
Re3 g5 54. Re4 h3 55. Re2 g4 56. Re4 f5 57. Re2 g3 58. Kxe6 g2 59. d5 g1=Q 0-1

[Event "World Rapid Team 2023"]
[Site "Dusseldorf GER"]
[Date "2023.08.28"]
[Round "12.12"]
[Board "6"]
[White "Odiah, Isaac Babu"]
[Black "Hartjes, Jenny"]
[Result "0-1"]
[WhiteElo "1893"]
[BlackElo "1685"]
[WhiteTeam "Africa"]
[BlackTeam "Blerickse Schaakvereniging"]
[WhiteFideId "10800549"]
[BlackFideId "16222334"]
[EventDate "2023.08.26"]

1. d4 Nf6 2. c4 e6 3. a3 d5 4. cxd5 exd5 5. Nc3 Bf5 6. Bg5 Be7 7. Nf3 O-O 8. e3
Nbd7 9. Be2 c6 10. O-O Nb6 11. Ne5 Nbd7 12. f4 Ne4 13. Bxe7 Qxe7 14. Bg4 Bxg4
15. Qxg4 Ndf6 16. Qe2 Nxc3 17. bxc3 Ne4 18. c4 Rac8 19. c5 Rb8 20. Rfc1 Qe6 21.
Rab1 Rfc8 22. Qc2 f6 23. Nd3 b5 24. cxb6 Rxb6 25. Nc5 Nxc5 26. Rxb6 Qxe3+ 27.
Kh1 axb6 28. dxc5 b5 29. Qc3 Qxf4 30. Kg1 Re8 31. Re1 Rxe1+ 32. Qxe1 Qe4 33.
Qxe4 dxe4 34. Kf2 f5 35. h3 Kf7 36. g4 g6 37. Ke3 Ke6 38. Kf4 Kd5 39. gxf5 gxf5 0-1

[Event "World Rapid Team 2023"]
[Site "Dusseldorf GER"]
[Date "2023.08.28"]
[Round "12.13"]
[Board "1"]
[White "Teske, Henrik"]
[Black "Zuferi, Enis"]
[Result "1-0"]
[WhiteTitle "GM"]
[BlackTitle "FM"]
[WhiteElo "2456"]
[BlackElo "2367"]
[WhiteTeam "Mitropa Chess Association"]
[BlackTeam "Heilbronn Hustlers"]
[WhiteFideId "4611500"]
[BlackFideId "24692530"]
[EventDate "2023.08.26"]

1. Nf3 Nf6 2. d4 g6 3. g3 Bg7 4. Bg2 d5 5. O-O O-O 6. Nbd2 a5 7. c4 dxc4 8. Nxc4
a4 9. Bf4 Be6 10. Rc1 Nh5 11. Bd2 b5 12. Na3 c6 13. e4 Bxa2 14. Be3 Bb3 15. Qe2
b4 16. Nc4 c5 17. dxc5 Nc6 18. e5 Bxc4 19. Qxc4 Bxe5 20. Rfd1 Qb8 21. Nxe5 Nxe5
22. Qe2 a3 23. f4 axb2 24. Rb1 Ra3 25. Bf2 Rd8 26. Rxd8+ Qxd8 27. fxe5 Qa5 28.
Qxb2 b3 29. c6 Ra2 30. Qxb3 Rxf2 31. Kxf2 Qxe5 32. Qb8+ 1-0

[Event "World Rapid Team 2023"]
[Site "Dusseldorf GER"]
[Date "2023.08.28"]
[Round "12.13"]
[Board "2"]
[White "Peng, Xiang-Tobias"]
[Black "Hagner, Bennet"]
[Result "0-1"]
[BlackTitle "FM"]
[WhiteElo "2119"]
[BlackElo "2323"]
[WhiteTeam "Heilbronn Hustlers"]
[BlackTeam "Mitropa Chess Association"]
[WhiteFideId "12964328"]
[BlackFideId "16224477"]
[EventDate "2023.08.26"]

1. e4 Nc6 2. Nc3 Nf6 3. Nf3 d5 4. e5 Ne4 5. d4 Bg4 6. Be2 e6 7. O-O Nxc3 8. bxc3
Bxf3 9. Bxf3 Na5 10. Be2 Qd7 11. f4 g6 12. Rb1 a6 13. c4 dxc4 14. Bf3 Rd8 15.
Be3 b5 16. Qe1 Nc6 17. Rd1 Ne7 18. Qa5 c6 19. d5 cxd5 20. a4 Qb7 21. axb5 axb5
22. Bb6 Nc6 23. Qxb5 Rb8 24. Rb1 Qxb6+ 25. Qxb6 Rxb6 26. Rxb6 Bc5+ 27. Kh1 Bxb6
28. Rb1 Bc7 29. c3 Kd7 30. Bd1 Ra8 31. Kg1 Ra3 32. Rc1 Ba5 33. Kf2 Bxc3 34. Rb1
Bb4 35. g4 d4 36. Bf3 Rb3 37. Ra1 Ba3 38. Rd1 Rxf3+ 39. Kxf3 c3 40. Ra1 c2 0-1

[Event "World Rapid Team 2023"]
[Site "Dusseldorf GER"]
[Date "2023.08.28"]
[Round "12.13"]
[Board "3"]
[White "Perossa, Nicolas"]
[Black "Geshnizjani, Ramin"]
[Result "1-0"]
[WhiteElo "2265"]
[BlackElo "2141"]
[WhiteTeam "Mitropa Chess Association"]
[BlackTeam "Heilbronn Hustlers"]
[WhiteFideId "2850520"]
[BlackFideId "24633089"]
[EventDate "2023.08.26"]

1. e4 c5 2. Nf3 e6 3. d4 cxd4 4. Nxd4 a6 5. Nc3 Qc7 6. g4 Bb4 7. Qd3 Nf6 8. f3
d5 9. exd5 Nxd5 10. Bd2 Nxc3 11. bxc3 Bd6 12. Be3 Bd7 13. Rd1 Be7 14. Bg2 Bh4+
15. Bf2 Bxf2+ 16. Kxf2 Nc6 17. Nb3 O-O-O 18. Qe3 Ne5 19. Rd4 Bb5 20. Rhd1 Rxd4
21. Rxd4 Nc4 22. Qe4 h5 23. a4 e5 24. Rd5 Nd6 25. Qxe5 1-0

[Event "World Rapid Team 2023"]
[Site "Dusseldorf GER"]
[Date "2023.08.28"]
[Round "12.13"]
[Board "4"]
[White "Diller, Daniel"]
[Black "Dordevic, Tom"]
[Result "1-0"]
[WhiteElo "2120"]
[BlackElo "1998"]
[WhiteTeam "Heilbronn Hustlers"]
[BlackTeam "Mitropa Chess Association"]
[WhiteFideId "12908983"]
[BlackFideId "16260503"]
[EventDate "2023.08.26"]

1. d4 Nf6 2. Nf3 e6 3. Bf4 d5 4. e3 c5 5. Nbd2 Bd6 6. dxc5 Bxf4 7. exf4 Qc7 8.
g3 Qxc5 9. Bd3 Nc6 10. c3 O-O 11. O-O b6 12. Re1 Bb7 13. Qe2 Rad8 14. Nb3 Qd6
15. Nbd4 h6 16. Rad1 Nxd4 17. Nxd4 Nd7 18. Bb1 Rfe8 19. Qc2 g6 20. Re3 e5 21.
fxe5 Rxe5 22. Rxe5 Nxe5 23. Qd2 Kg7 24. Bd3 Qf6 25. Bf1 h5 26. h4 Bc8 27. Re1
Bg4 28. Rxe5 Qxe5 29. Nc6 Qc7 30. Qd4+ Kh7 31. Nxd8 Qxd8 32. Bg2 Qe7 33. Bxd5
Bh3 34. Kh2 Bf5 35. c4 Kg8 36. a3 Qe2 37. b4 Qa2 38. Qe3 Kf8 39. Kg2 Qc2 40. c5
bxc5 41. bxc5 Qd3 42. Qe5 Qxa3 43. Qf6 Ke8 44. Qxf7+ Kd8 45. Qf8+ Kc7 46. Qd6+
Kc8 47. Be6+ Bxe6 48. Qxe6+ Kb7 49. c6+ Kb6 50. Qd7 Qc1 51. Qb7+ Kc5 52. c7 1-0

[Event "World Rapid Team 2023"]
[Site "Dusseldorf GER"]
[Date "2023.08.28"]
[Round "12.13"]
[Board "5"]
[White "Peglau, Charis"]
[Black "Schaefer, Daniel"]
[Result "1-0"]
[WhiteTitle "WFM"]
[WhiteElo "2094"]
[BlackElo "1884"]
[WhiteTeam "Mitropa Chess Association"]
[BlackTeam "Heilbronn Hustlers"]
[WhiteFideId "16219996"]
[BlackFideId "16235088"]
[EventDate "2023.08.26"]

1. Nf3 d5 2. e3 c6 3. b3 Bg4 4. Be2 Nd7 5. Bb2 Bxf3 6. Bxf3 e5 7. O-O Ngf6 8. d3
Bd6 9. c4 Qe7 10. Nc3 e4 11. dxe4 dxe4 12. Nxe4 Nxe4 13. Bxe4 Bxh2+ 14. Kxh2
Qxe4 15. Qh5 Qg6 16. Qh3 Nf6 17. Ba3 Qg4 18. Rad1 Qxh3+ 19. Kxh3 Rd8 20. Rxd8+
Kxd8 21. f3 Kc7 22. Bb2 Rd8 23. Bxf6 gxf6 24. Rf2 Rd3 25. e4 Kd6 26. Kg4 Ke6 27.
Kh5 Rd1 28. Kh6 Rh1+ 29. Kg7 h5 30. f4 h4 31. f5+ Ke7 32. Re2 Rh2 33. e5 fxe5
34. Rxe5+ Kd6 35. Re4 Rxg2+ 36. Kxf7 h3 37. Rh4 Ke5 38. f6 h2 39. Ke7 Kf5 40. f7
Re2+ 41. Kd6 Kg5 42. Rxh2 Rxh2 43. f8=Q Rxa2 44. Qe7+ Kf5 45. Qxb7 1-0

[Event "World Rapid Team 2023"]
[Site "Dusseldorf GER"]
[Date "2023.08.28"]
[Round "12.13"]
[Board "6"]
[White "Spiegelberg, Silvia"]
[Black "Peglau, Paul David"]
[Result "1-0"]
[WhiteElo "1934"]
[BlackElo "1768"]
[WhiteTeam "Heilbronn Hustlers"]
[BlackTeam "Mitropa Chess Association"]
[WhiteFideId "24654450"]
[BlackFideId "16290550"]
[EventDate "2023.08.26"]

1. e4 c6 2. c4 d5 3. exd5 cxd5 4. cxd5 Nf6 5. Nc3 g6 6. Nf3 Bg7 7. Bc4 O-O 8.
O-O Na6 9. Re1 Nc7 10. Qb3 Qd6 11. Ne5 Rd8 12. d4 Ncxd5 13. Bg5 Be6 14. Nb5 Qb6
15. a4 a5 16. Rac1 Rac8 17. h3 h6 18. Bd2 Nc7 19. Bxe6 Nxe6 20. Rxc8 Rxc8 21.
Nxg6 Re8 22. Ne5 Ng5 23. Bxg5 hxg5 24. Qxf7+ Kh8 25. Ng6+ Kh7 26. Nxe7 Qd8 27.
d5 1-0

[Event "World Rapid Team 2023"]
[Site "Dusseldorf GER"]
[Date "2023.08.28"]
[Round "12.14"]
[Board "2"]
[White "Magana, Ben"]
[Black "Pak, Alexander"]
[Result "0-1"]
[WhiteTitle "CM"]
[WhiteElo "2020"]
[BlackElo "2170"]
[WhiteTeam "Kenya Commercial Bank Chess Club"]
[BlackTeam "Ecole Polytechnique Francaise de Lausanne"]
[WhiteFideId "10800166"]
[BlackFideId "4164717"]
[EventDate "2023.08.26"]

1. d4 d5 2. Bf4 Nf6 3. e3 c5 4. Nf3 Nc6 5. Nbd2 Bg4 6. c3 e6 7. Qa4 Nd7 8. Bd3
Be7 9. O-O O-O 10. Qc2 h6 11. Ne5 Ncxe5 12. dxe5 c4 13. Bh7+ Kh8 14. h3 Be2 15.
Rfe1 f5 16. Bxf5 Rxf5 17. Rxe2 Nxe5 18. g4 Rxf4 19. exf4 Nd3 20. Rxe6 Bc5 21.
Nf3 Nxf4 22. Ne5 Qh4 23. Ng6+ Nxg6 24. Rxg6 Rf8 25. Rf1 Qg3+ 26. Kh1 Bxf2 0-1

[Event "World Rapid Team 2023"]
[Site "Dusseldorf GER"]
[Date "2023.08.28"]
[Round "12.14"]
[Board "4"]
[White "Njoroge, Martin"]
[Black "Deregnaucourt, Lucas"]
[Result "1-0"]
[WhiteElo "1870"]
[BlackElo "2076"]
[WhiteTeam "Kenya Commercial Bank Chess Club"]
[BlackTeam "Ecole Polytechnique Francaise de Lausanne"]
[WhiteFideId "10801952"]
[BlackFideId "26057794"]
[EventDate "2023.08.26"]

1. c4 Nf6 2. Nf3 g6 3. b3 Bg7 4. Bb2 d6 5. g3 e5 6. Bg2 c5 7. O-O O-O 8. Nc3 Nc6
9. e3 Re8 10. d3 Bf5 11. a3 Qd7 12. Nd5 Nxd5 13. cxd5 Ne7 14. Rc1 e4 15. dxe4
Bxb2 16. Rc2 Bxe4 17. Rxb2 Bxd5 18. Rd2 Rad8 19. Rxd5 Nxd5 20. Qxd5 b5 21. Rd1
Qe6 22. Qd3 a6 23. Ng5 Qe5 24. h4 Re7 25. Bd5 Kg7 26. e4 h6 27. f4 Qb2 28. Rb1
Qd4+ 29. Qxd4+ cxd4 30. Nf3 Rc8 31. Nxd4 Rc3 32. Kf2 Rec7 33. Rd1 Kf6 34. Rd2
Rc1 35. h5 Rh1 36. hxg6 fxg6 37. Kg2 Rcc1 38. Nf3 Rhd1 39. Re2 g5 40. e5+ dxe5
41. fxe5+ Ke7 42. Bb7 Rc3 43. e6 Rdd3 44. Ne5 Rxg3+ 45. Kf2 Rh3 46. Ng6+ Ke8 47.
e7 Rh2+ 48. Bg2 Rc6 49. Ne5 Re6 50. Kg3 Rxg2+ 51. Kxg2 Rxe7 52. Kf3 Re6 53. Ke4
Ke7 54. Rf2 Kd6 55. Rd2+ Ke7 56. Rd7+ Ke8 57. Rh7 Kf8 58. Kd5 Rf6 59. Nd7+ Kg8
60. Nxf6+ 1-0

[Event "World Rapid Team 2023"]
[Site "Dusseldorf GER"]
[Date "2023.08.28"]
[Round "12.14"]
[Board "5"]
[White "Pheng, Wissam"]
[Black "Oluka Robert Mcligeyo"]
[Result "0-1"]
[WhiteElo "1940"]
[BlackElo "2009"]
[WhiteTeam "Ecole Polytechnique Francaise de Lausanne"]
[BlackTeam "Kenya Commercial Bank Chess Club"]
[WhiteFideId "26008505"]
[BlackFideId "10814647"]
[EventDate "2023.08.26"]

1. e4 c5 2. b3 g6 3. Bb2 Nf6 4. Qf3 d6 5. Bb5+ Bd7 6. Bxf6 exf6 7. Bxd7+ Nxd7 8.
Nc3 Bg7 9. Nge2 O-O 10. O-O Ne5 11. Qe3 a6 12. Rad1 Nc6 13. Nd5 Re8 14. Qf3 Nd4
15. Nxd4 cxd4 16. Qd3 Rc8 17. Rfe1 Qa5 18. a4 f5 19. f3 Qc5 20. Rc1 fxe4 21.
fxe4 f5 22. b4 Qc6 23. Qf3 fxe4 24. Rxe4 Rxe4 25. Qxe4 Kh8 26. Re1 Rf8 27. a5
Be5 28. h4 Qd7 29. c3 Qf7 30. Qf3 Qxf3 31. gxf3 Rxf3 32. Kg2 Rg3+ 33. Kf2 Rg4
34. c4 Bg3+ 35. Kf3 Bxe1 36. Kxg4 Bxd2 37. Kf3 Be1 38. Ke4 Bxh4 39. Kxd4 Kg7 40.
Nc7 Be1 41. Nd5 h5 42. Ke3 Kf7 43. Ke2 Bg3 44. b5 Be5 45. Kd3 Ke6 46. Nb4 axb5
47. cxb5 Kd7 48. Nd5 h4 49. Ke2 g5 50. Kf1 g4 51. Nb6+ Kc7 52. Nd5+ Kb8 53. Kg2
h3+ 54. Kh1 g3 55. Ne3 Bd4 56. Ng2 hxg2+ 57. Kxg2 Bc3 58. Kxg3 Bxa5 59. Kf4 Bb4
60. Ke4 Bc5 61. Kd5 Ka7 62. Kc4 Kb6 0-1

[Event "World Rapid Team 2023"]
[Site "Dusseldorf GER"]
[Date "2023.08.28"]
[Round "12.14"]
[Board "6"]
[White "Ndirangu, Nyaruai, Joyce"]
[Black "Pheng, Sophia"]
[Result "1-0"]
[WhiteTitle "WCM"]
[WhiteElo "1719"]
[BlackElo "1128"]
[WhiteTeam "Kenya Commercial Bank Chess Club"]
[BlackTeam "Ecole Polytechnique Francaise de Lausanne"]
[WhiteFideId "10802886"]
[BlackFideId "26066602"]
[EventDate "2023.08.26"]

1. e4 e5 2. Nf3 Nc6 3. Bb5 Nf6 4. Nc3 Bb4 5. O-O d6 6. d4 O-O 7. Bxc6 bxc6 8.
dxe5 dxe5 9. Qxd8 Rxd8 10. Nxe5 Bb7 11. f3 Re8 12. Nd3 Ba5 13. Bg5 Nd7 14. Rfd1
f6 15. Bf4 c5 16. Nb5 Rec8 17. a4 a6 18. Na3 Bb6 19. Kh1 Re8 20. Nc4 Ba7 21.
Bxc7 Rac8 22. Nd6 Rxc7 23. Nxe8 Rc6 24. Nf4 Bc8 25. Nd6 Ne5 26. Nxc8 Rxc8 27.
Ne6 Nc6 28. Rd6 Bb8 29. Rd7 Re8 30. Nxg7 Rf8 31. Rad1 Be5 32. c3 h6 33. Nf5 h5
34. Rg7+ Kh8 35. Rdd7 1-0

[Event "World Rapid Team 2023"]
[Site "Dusseldorf GER"]
[Date "2023.08.28"]
[Round "12.15"]
[Board "1"]
[White "Nechitaylo, Nikita"]
[Black "Haasler, Andreas"]
[Result "1-0"]
[WhiteElo "2116"]
[BlackElo "2222"]
[WhiteTeam "Chess Wizzards"]
[BlackTeam "MagdeBurg and Friends"]
[WhiteFideId "34138161"]
[BlackFideId "4658906"]
[EventDate "2023.08.26"]

1. d4 e6 2. e4 c5 3. d5 exd5 4. exd5 d6 5. Nf3 Nf6 6. Be2 g6 7. O-O Bg7 8. Bf4
O-O 9. a4 Na6 10. Nc3 Nc7 11. h3 b6 12. Bb5 Ba6 13. Bxa6 Nxa6 14. Nd2 Nc7 15.
Nc4 Nfe8 16. Nb5 Nxb5 17. axb5 a6 18. Rxa6 Rxa6 19. bxa6 b5 20. Na3 Qb6 21. Qe2
Nc7 22. Qe7 Nxd5 23. Qxd6 Qxd6 24. Bxd6 Ra8 25. Rd1 Nb4 26. a7 Bxb2 27. Nxb5
Nxc2 28. Bxc5 Be5 29. Bb6 Nb4 30. Rd8+ 1-0